000 00365nam a2200145Ia 4500
008 230917s9999||||xx |||||||||||||| ||und||
040 _e75690
_aMAIN
041 _aEnglish
082 _a658.91647
100 _aDoswell, Roger
245 0 _aFurther case studies in hotel management
260 _aLondon
_bBarrie & Jenkins
_c1977
300 _a141 p.
942 _cBK
999 _c224840
_d224840